000 00939nam a22003017a 4500
001 BR7302320
003 BR-BrBNA
005 20230928083921.0
007 ta
008 230509b bl.||||| |||| 00| 0 por d
040 _aBR-BrBNA
_bpor
_cBiblioteca Nacional de Agricultura
041 _a(Por)
072 _aF30
_b0430
_b/G514
090 _ 0430 BR7302320
100 1 _aGroszmann, A.
110 1 _aEscola Superior de Agricultura do Estado de Minas Gerais, Vicosa (Brasil). Depto. de Genetica, Estatistica e Biometria
_94369
245 1 _aCinco anos de melhoramento de algodao [Brasil]
260 3 _aVicosa, MG (Brasil):
_c1943.
300 _a114 p.
500 _aSummary (Eng); Reprint of "Revista Ceres" no. 26, 1943
650 _aALGODAO
650 _aVARIEDADE
650 _aSELECAO GENETICA
650 _aCRUZAMENTO VEGETAL
650 _aCOMPETICAO DE VARIEDADE
909 _a202309
_bLucia
_c55
_dLucia Elande
942 _cBK
999 _c15821
_d15821